Microeconomic aspects of government subsidies in the agricultural market

Je známe z praxe v Čechách, že aktuálny problém hospodárskej politiky je vytváraný dotáciami na ceny poľnohospodárskych produktov. Tieto zapríčiňujú, že ceny sa držia na rovnovážnou úrovňou. Chovanie sa priemerných a okrajových nákladových kriviek v kratšom a dlhom období. Autori skúmajú dve poľnoho...

Descripción completa

Guardado en:
Detalles Bibliográficos
Autor principal: Severová, Lucie
Formato: Capítulo de libro
Lenguaje:inglés
Materias:
Etiquetas: Agregar Etiqueta
Sin Etiquetas, Sea el primero en etiquetar este registro!

MARC

LEADER 00000naa a2200000 4500
001 0165620
005 20231211070504.8
041 0 |a eng 
044 |a CZ 
245 1 0 |a Microeconomic aspects of government subsidies in the agricultural market  |c Lucie Severová 
520 |a Je známe z praxe v Čechách, že aktuálny problém hospodárskej politiky je vytváraný dotáciami na ceny poľnohospodárskych produktov. Tieto zapríčiňujú, že ceny sa držia na rovnovážnou úrovňou. Chovanie sa priemerných a okrajových nákladových kriviek v kratšom a dlhom období. Autori skúmajú dve poľnohospodárske firmy na dokonalom konkurenčnom trhu. 
610 2 0 |a výrobky poľnohospodárske 
610 2 0 |a ceny 
610 2 0 |a dotácie štátne 
610 2 0 |a trh poľnohospodársky 
610 2 0 |a podnik poľnohospodársky 
610 2 0 |a zisk 
610 2 0 |a Česko 
100 1 |a Severová, Lucie